|
|
|
|
| LEADER |
00000nab a2200000 a 4500 |
| 001 |
vtls008874642 |
| 003 |
SK-MaSNL |
| 005 |
20260303223736.0 |
| 008 |
141122c xo 0 slo |
| 015 |
|
|
|a SNBCL2005/5
|
| 035 |
|
|
|a SLK035068
|
| 040 |
|
|
|a SLKCL
|b slo
|c SNKBUCL
|e AACR2
|
| 041 |
1 |
|
|a slo
|
| 044 |
|
|
|a xo
|c SK
|
| 080 |
|
|
|a 579.84:061.3
|2 1981
|
| 100 |
1 |
|
|a Teslíková, J.
|u OKM NsP Prievidza, Bojnice, SK
|4 aut
|9 1258628
|
| 245 |
1 |
0 |
|a Výskyt enteropatogénnych kmeňov E.coli v našom regióne v r. 1997-2004
|c J. Teslíková, H. Štefíková
|
| 650 |
0 |
7 |
|a Escherichia coli
|x klasifikácia
|2 MESH
|9 1056299
|
| 650 |
0 |
7 |
|a enterotoxíny
|x analýza
|2 MESH
|9 1258629
|
| 650 |
0 |
7 |
|a diagnostika (medicína)
|2 MESH
|9 28740
|
| 650 |
0 |
7 |
|a dieťa
|2 MESH
|9 294563
|
| 650 |
0 |
7 |
|a ročné obdobia
|2 MESH
|9 110676
|
| 650 |
0 |
7 |
|a abstrakty z kongresu
|2 MESH
|9 168204
|
| 700 |
1 |
|
|a Štefíková, Helena
|4 aut
|9 1077498
|
| 711 |
1 |
|
|a Dni klinickej mikrobiológie
|n (41. :
|d 2005 :
|c Bojnice, Slovensko)
|4 aut
|9 92491
|
| 773 |
0 |
|
|t Správy klinickej mikrobiológie
|g Roč. 5, č. SC/2005, s. 13
|x 1335-8219
|
| 850 |
|
|
|a Slovenská lekárska knižnica v Bratislave
|a BA006
|
| 852 |
|
|
|a BA006
|b KIS3GCP
|b 000500000
|
| 999 |
|
|
|c 2249199
|d 2251129
|